01083cam a22002295a 450000100070000000500170000700800410002404000330006508200190009811101020011724501570021926001480037630000390052450400510056365000400061465100100065465300220066470000430068694200080072999900170073795200990075474883020180123155442.0730508t1956 ilua frb 100 0 eng d aDLCcDLCdDLCdEG-ScBUEbeng04a304.2222bMAN2 aInternational Symposium on Man's Role in Changing the Face of the Earth,cPrinceton, N.J.,d1955.10aMan's role in changing the face of the earth /cEdited by William L. Thomas, with the collaboration of Carl O. Sauer, Marston Bates [and] Lewis Mumford. aChicago :bWenner-Gren Foundation for Anthropological Research and the National Science Foundation by the University of Chicago Press,cc.1956. axxxviii, 1193 p. :bill. ;c25 cm. aIncludes bibliographical references and index. 7aHuman geographyxCongresses.2BUEsh 2BUEsh bGGENcJanuary20181 aThomas, William Leroy,d1920-eeditor. 2ddc c26005d25977 00102ddc4070aMAINbMAINc1STd2018-01-23l0o304.2 MANp000047165r2025-07-15 00:00:00yBB